[Event "Magistral las Dunas op 5th"]
[Site "Punta del Este"]
[Date "2001.??.??"]
[Round "3"]
[White "Barla, Rafael"]
[Black "Rodriguez, Gustavo"]
[Result "0-1"]
[WhiteElo "2114"]
[BlackElo "2018"]
[PlyCount "82"]
[EventDate "2001.10.22"]
[EventType "swiss"]
[EventRounds "9"]
[EventCountry "URU"]
[SourceTitle "CBM 085 Extra"]
[Source "ChessBase"]
[SourceDate "2002.01.21"]
[SourceVersion "1"]
[SourceVersionDate "2002.01.21"]
[SourceQuality "1"]

1. d4 Nf6 2. c4 g6 3. Nc3 Bg7 4. e4 d6 5. f3 0-0 6. Be3 Nbd7 7. Qd2 Re8 8. 0-0-0 e5 9. Nge2 a6 10. Ng3 c6 11. h4 b5 12. h5 b4 13. Na4 Qa5 14. b3 exd4 15. Bxd4 c5 16. Bb2 Re6 17. hxg6 hxg6 18. Kb1 Bb7 19. Ne2 Ne5 20. Nf4 Ree8 21. Bc1 Rad8 22. Nb2 Bxe4+ 23. Bd3 Bc6 24. Bc2 d5 25. cxd5 Bxd5 26. Qf2 c4 27. Nxd5 Nxd5 28. Rxd5 Qxd5 29. Qh4 cxb3 30. Bxb3 Qd4 31. Qh7+ Kf8 32. Bh6 Bxh6 33. Qxh6+ Ke7 34. Re1 Kf6 35. f4 Nd3 36. Qh4+ Kg7 37. Nxd3 Qxd3+ 38. Bc2 Qc3 39. Rc1 Rd2 40. f5 Rxc2 41. f6+ Kg8 0-1

[Event "Magistral las Dunas op 5th"]
[Site "Punta del Este"]
[Date "2001.??.??"]
[Round "8"]
[White "Lopez Garcia, Juan"]
[Black "Rodriguez, Gustavo"]
[Result "1-0"]
[WhiteElo "2040"]
[BlackElo "2018"]
[PlyCount "101"]
[EventDate "2001.10.22"]
[EventType "swiss"]
[EventRounds "9"]
[EventCountry "URU"]
[SourceTitle "CBM 085 Extra"]
[Source "ChessBase"]
[SourceDate "2002.01.21"]
[SourceVersion "1"]
[SourceVersionDate "2002.01.21"]
[SourceQuality "1"]

1. e4 c5 2. Nf3 Nc6 3. d4 cxd4 4. Nxd4 e5 5. Nf3 d6 6. Nc3 a6 7. h3 Nf6 8. Be3 b5 9. a3 h6 10. Be2 Be6 11. 0-0 Be7 12. Bd3 Rc8 13. Qe2 d5 14. exd5 Nxd5 15. Nxd5 Bxd5 16. Rfd1 Bxf3 17. Qxf3 Qc7 18. Bf5 Rd8 19. Rxd8+ Bxd8 20. Rd1 0-0 21. Rd7 e4 22. Qxe4 Qe5 23. Qf3 Ne7 24. Bd3 Ng6 25. Bxg6 fxg6 26. Qd5+ Qxd5 27. Rxd5 Bf6 28. c3 Rb8 29. Bf4 Rb7 30. Be5 a5 31. Bxf6 gxf6 32. Kf1 Kf7 33. Ke2 Ke6 34. Rd4 g5 35. Kd3 f5 36. g3 Ke5 37. f4+ gxf4 38. gxf4+ Ke6 39. Rd8 b4 40. axb4 axb4 41. Rh8 bxc3 42. Rxh6+ Kd5 43. bxc3 Rg7 44. c4+ Kc5 45. Rf6 Rd7+ 46. Kc3 Rh7 47. Rxf5+ Kc6 48. Re5 Rxh3+ 49. Kd4 Rh4 50. Re6+ Kd7 51. Rf6 1-0

[Event "Magistral las Dunas op 5th"]
[Site "Punta del Este"]
[Date "2001.??.??"]
[Round "6"]
[White "Rodriguez, Gustavo"]
[Black "Mercado, Renee"]
[Result "0-1"]
[WhiteElo "2018"]
[BlackElo "1832"]
[PlyCount "62"]
[EventDate "2001.10.22"]
[EventType "swiss"]
[EventRounds "9"]
[EventCountry "URU"]
[SourceTitle "CBM 085 Extra"]
[Source "ChessBase"]
[SourceDate "2002.01.21"]
[SourceVersion "1"]
[SourceVersionDate "2002.01.21"]
[SourceQuality "1"]

1. e4 c5 2. Nf3 e6 3. d4 cxd4 4. Nxd4 Bc5 5. Nf3 Ne7 6. Be2 0-0 7. 0-0 h6 8. Nc3 a6 9. b3 Nbc6 10. Bb2 d6 11. Na4 Ba7 12. Ba3 b5 13. Bxd6 bxa4 14. Qd3 Qd7 15. Rfd1 Rd8 16. Qc3 Bb7 17. Be5 Qe8 18. Bxg7 Kh7 19. Bd3 Ng6 20. Bf6 Rdc8 21. Qe1 e5 22. g3 Nd4 23. Nxd4 Bxd4 24. Rab1 Qe6 25. bxa4 Rab8 26. Bh4 Nxh4 27. gxh4 Qg4+ 28. Kh1 Qf3+ 29. Kg1 Rg8+ 30. Kf1 Rg2 31. Rxb7 Rxb7 0-1